[Event "Koltsovo op"]
[Site "Koltsovo"]
[Date "2014.07.06"]
[Round "9"]
[White "Solodyankin, Timofey"]
[Black "Sultanov, Mirgurban"]
[Result "1/2-1/2"]
[WhiteElo "1677"]
[BlackElo "1790"]
[PlyCount "55"]
[EventDate "2014.06.28"]
[EventType "swiss"]
[EventRounds "9"]
[EventCountry "RUS"]
[SourceTitle "CBM 161 Extra"]
[Source "ChessBase"]
[SourceDate "2014.08.29"]
[SourceVersion "1"]
[SourceVersionDate "2014.08.29"]
[SourceQuality "1"]

1. Nf3 d5 2. c4 c6 3. g3 Nf6 4. Bg2 Bf5 5. cxd5 cxd5 6. Qb3 Qc7 7. 0-0 e6 8. d3 Nc6 9. Nc3 Be7 10. Bf4 Qd7 11. Rac1 0-0 12. Nb5 a6 13. Nbd4 Nxd4 14. Nxd4 Rfc8 15. Bg5 Bg6 16. Nf3 Ng4 17. Bf4 b5 18. h3 Nf6 19. Ne5 Qb7 20. a3 Nd7 21. Nxg6 hxg6 22. Qd1 Rxc1 23. Qxc1 Rc8 24. Qd2 Qc6 25. Rc1 Qxc1+ 26. Qxc1 Rxc1+ 27. Bxc1 Bf6 28. b4 1/2-1/2

[Event "Koltsovo op"]
[Site "Koltsovo"]
[Date "2014.07.03"]
[Round "6"]
[White "Sultanov, Mirgurban"]
[Black "Melikhov, Daniil"]
[Result "1-0"]
[WhiteElo "1790"]
[BlackElo "1754"]
[PlyCount "23"]
[EventDate "2014.06.28"]
[EventType "swiss"]
[EventRounds "9"]
[EventCountry "RUS"]
[SourceTitle "CBM 161 Extra"]
[Source "ChessBase"]
[SourceDate "2014.08.29"]
[SourceVersion "1"]
[SourceVersionDate "2014.08.29"]
[SourceQuality "1"]

1. d4 Nf6 2. Nf3 g6 3. Nbd2 Bg7 4. e4 d6 5. Bd3 0-0 6. 0-0 e5 7. dxe5 dxe5 8. Nxe5 Nxe4 9. Nxf7 Rxf7 10. Nxe4 Rf8 11. Ng5 h6 12. Bc4+ 1-0

[Event "Koltsovo op"]
[Site "Koltsovo"]
[Date "2014.07.01"]
[Round "4"]
[White "Sultanov, Mirgurban"]
[Black "Damm, Anna"]
[Result "0-1"]
[WhiteElo "1790"]
[BlackElo "1688"]
[PlyCount "86"]
[EventDate "2014.06.28"]
[EventType "swiss"]
[EventRounds "9"]
[EventCountry "RUS"]
[SourceTitle "CBM 161 Extra"]
[Source "ChessBase"]
[SourceDate "2014.08.29"]
[SourceVersion "1"]
[SourceVersionDate "2014.08.29"]
[SourceQuality "1"]

1. d4 d5 2. c4 c6 3. Nc3 Nf6 4. e3 Qc7 5. Nf3 Bf5 6. cxd5 cxd5 7. Qb3 e6 8. Bb5+ Nbd7 9. Bd2 a6 10. Be2 Bd6 11. Rc1 Qb6 12. Qxb6 Nxb6 13. Nh4 Bg4 14. f3 Bh5 15. g4 Bg6 16. Nxg6 hxg6 17. h3 Nc4 18. Bxc4 dxc4 19. e4 Be7 20. Kf2 Rd8 21. Be3 Nd7 22. Kg2 g5 23. d5 Nc5 24. Bxc5 Bxc5 25. Rhd1 Be3 26. Rc2 b5 27. Re2 Bf4 28. a4 b4 29. Na2 a5 30. Rd4 Rc8 31. Re1 Be5 32. Rd2 Bf4 33. Rde2 Ke7 34. dxe6 Kxe6 35. Nc1 Rhd8 36. Rc2 Rd2+ 37. Rxd2 Bxd2 38. Rd1 Bxc1 39. Rxc1 c3 40. bxc3 Rxc3 41. Rd1 Ra3 42. Rd5 Rxa4 43. Rxg5 b3 0-1

[Event "Koltsovo op"]
[Site "Koltsovo"]
[Date "2014.06.29"]
[Round "2"]
[White "Sultanov, Mirgurban"]
[Black "Khanina, Maria"]
[Result "1-0"]
[WhiteElo "1790"]
[BlackElo "1660"]
[PlyCount "83"]
[EventDate "2014.06.28"]
[EventType "swiss"]
[EventRounds "9"]
[EventCountry "RUS"]
[SourceTitle "CBM 161 Extra"]
[Source "ChessBase"]
[SourceDate "2014.08.29"]
[SourceVersion "1"]
[SourceVersionDate "2014.08.29"]
[SourceQuality "1"]

1. d4 Nf6 2. Nf3 g6 3. Nbd2 Bg7 4. e4 d6 5. Bd3 0-0 6. 0-0 e5 7. c3 Nbd7 8. Bc2 c6 9. Nc4 Nb6 10. Nxb6 Qxb6 11. dxe5 dxe5 12. Nxe5 Nxe4 13. Nxg6 fxg6 14. Bxe4 Be6 15. Qc2 Rad8 16. Be3 Qb5 17. Rad1 Bxa2 18. Bd3 Bb3 19. Bxb5 Bxc2 20. Bc4+ Kh8 21. Rc1 Bd3 22. Bxd3 Rxd3 23. Bxa7 Rd2 24. Bc5 Rf5 25. Ba3 Bf8 26. Bxf8 Rxf8 27. b4 Re8 28. Rfe1 Rde2 29. Rxe2 Rxe2 30. Kf1 Rb2 31. g3 Kg7 32. Kg2 Kf6 33. Kf3 Kf5 34. Re1 Kf6 35. h4 Rc2 36. Re3 h5 37. Rd3 Ke6 38. Ke3 b6 39. Kf4 Rxf2+ 40. Kg5 Rf6 41. Rd6+ Kxd6 42. Kxf6 1-0